Best answers to the 201 most frequently asked interview questions / (Record no. 49988)

MARC details
000 -LEADER
fixed length control field 01386nam a22003137a 4500
005 - DATE AND TIME OF LATEST TRANSACTION
control field 20110121101319.0
008 - FIXED-LENGTH DATA ELEMENTS--GENERAL INFORMATION
fixed length control field 110121t xxu||||| |||| 00| 0 eng d
010 ## - LCCN (DPL NO)
LC control number ENG-101920
020 ## - INTERNATIONAL STANDARD BOOK NUMBER
International Standard Book Number 9780071070966
Terms of availability 250.00
035 ## - SYSTEM CONTROL NUMBER
System control number EN-85453
037 ## - SOURCE OF ACQUISITION
Source of stock number/acquisition DBAD/PUB
040 ## - CATALOGING SOURCE
Original cataloging agency dpl
Language of cataloging Eng
082 00 - DEWEY DECIMAL CLASSIFICATION NUMBER
Classification number 650.14
100 1# - MAIN ENTRY--PERSONAL NAME
Personal name DeLuca, Matthew J.
9 (RLIN) 25425
245 10 - TITLE STATEMENT
Title Best answers to the 201 most frequently asked interview questions /
Statement of responsibility, etc by Matthew J. DeLuca [and] Nanette F. DeLuca
250 ## - EDITION STATEMENT
Edition statement 2nd ed
260 ## - PUBLICATION, DISTRIBUTION, ETC. (IMPRINT)
Place of publication, distribution, etc New Delhi
Name of publisher, distributor, etc Tata McGraw-Hill
Date of publication, distribution, etc 2010
270 ## - ADDRESS
Address 7 West Patel Nagar
City New Delhi
Postal code 110008
300 ## - PHYSICAL DESCRIPTION
Extent xxii, 217 p.
Dimensions 23 cm (pbk)
500 ## - GENERAL NOTE
General note Includes index
650 #0 - SUBJECT ADDED ENTRY--TOPICAL TERM
Topical term or geographic name as entry element Employment interviewing.
9 (RLIN) 25426
700 1# - ADDED ENTRY--PERSONAL NAME
Personal name DeLuca, Nanette F.
9 (RLIN) 25427
856 42 - ELECTRONIC LOCATION AND ACCESS
Materials specified Contributor biographical information
Uniform Resource Identifier <a href="http://www.loc.gov/catdir/bios/mh041/2001269259.html">http://www.loc.gov/catdir/bios/mh041/2001269259.html</a>
856 42 - ELECTRONIC LOCATION AND ACCESS
Materials specified Publisher description
Uniform Resource Identifier <a href="http://www.loc.gov/catdir/description/mh021/2001269259.html">http://www.loc.gov/catdir/description/mh021/2001269259.html</a>
856 41 - ELECTRONIC LOCATION AND ACCESS
Materials specified Table of contents
Uniform Resource Identifier <a href="http://www.loc.gov/catdir/toc/mh021/2001269259.html">http://www.loc.gov/catdir/toc/mh021/2001269259.html</a>
942 ## - ADDED ENTRY ELEMENTS (KOHA)
Source of classification or shelving scheme Dewey Decimal Classification
Item type English Books
Classification part 650.14
Call number suffix DEL
Holdings
Withdrawn status Lost status Source of classification or shelving scheme Damaged status Not for loan Collection code Home library Current library Date acquired Source of acquisition Cost, normal purchase price Total Checkouts Full call number Barcode Date last seen Copy number Cost, replacement price Koha item type
    Dewey Decimal Classification   Not For Loan Non-fiction D.B.Act.Division D.B.Act.Division 21/01/2011 DBAD/PUB 250.00   650.14 DEL EN-85453 21/01/2011 1 250.00 English Books

© Delhi Public Library
Hit Counter
free hit counter